书目信息 |
| 题名: |
教育经济学观察
|
|
| 作者: | 李锋亮 著 | |
| 分册: | ||
| 出版信息: | 北京 九州出版社 2022.04 |
|
| 页数: | 253页 | |
| 开本: | 24cm | |
| 丛书名: | 九州文库 | |
| 单 册: | ||
| 中图分类: | G40-054 | |
| 科图分类: | ||
| 主题词: | 教育经济学--文集 | |
| 电子资源: | ||
| ISBN: | 978-7-5225-0882-5 | |
| 000 | 00835nam0 2200241 450 | |
| 001 | 012001002710 | |
| 005 | 20140203083333.0 | |
| 010 | @a978-7-5225-0882-5@b精装@dCNY95.00 | |
| 100 | @a20220905d2022 em y0chiy50 ea | |
| 101 | 0 | @achi |
| 102 | @aCN@b110000 | |
| 105 | @ay z 000yy | |
| 106 | @ar | |
| 200 | 1 | @a教育经济学观察@Ajiao yu jing ji xue guan cha@f李锋亮著 |
| 210 | @a北京@c九州出版社@d2022.04 | |
| 215 | @a253页@d24cm | |
| 225 | 1 | @a九州文库 |
| 330 | @a本书精选了作者有关教育经济学的观察和思考文章。书中共六篇,内容包括:教育与劳动力市场之间的关系、世界一流大学建设的成本与效率、教育财政、研究生教育的经济学分析、远程教育的经济学分析、教育公平。 | |
| 606 | 0 | @a教育经济学@j文集 |
| 690 | @aG40-054@v5 | |
| 701 | 0 | @a李锋亮@Ali feng liang@4著 |
| 801 | 0 | @aCN@bAHXH@c20221111 |
| 905 | @b1374895-9@dG40-054@e1348@f5 | |
| 教育经济学观察/李锋亮著.-北京:九州出版社,2022.04 |
| 253页;24cm.-(九州文库) |
| ISBN 978-7-5225-0882-5(精装):CNY95.00 |
| 本书精选了作者有关教育经济学的观察和思考文章。书中共六篇,内容包括:教育与劳动力市场之间的关系、世界一流大学建设的成本与效率、教育财政、研究生教育的经济学分析、远程教育的经济学分析、教育公平。 |
| ● |
| 相关链接 |
|
|
|
|
正题名:教育经济学观察
索取号:G40-054/1348
 
预约/预借
| 序号 | 登录号 | 条形码 | 馆藏地/架位号 | 状态 | 备注 |
| 1 | 1374895 | 213748952 | 第一样本阅览室/ [索取号:G40-054/1348] | 在馆 | |
| 2 | 1374896 | 213748961 | 教育系资料室/ [索取号:G40-054/1348] | 在馆 | |
| 3 | 1374897 | 213748970 | 教育系资料室/ [索取号:G40-054/1348] | 在馆 | |
| 4 | 1374898 | 213748989 | 第四借阅区/ [索取号:G40-054/1348] | 在馆 | |
| 5 | 1374899 | 213748998 | 第四借阅区/ [索取号:G40-054/1348] | 在馆 |